| 000 | 00651cam a2200181 4500500 | ||
|---|---|---|---|
| 005 | 20260405004002.0 | ||
| 041 | _afre | ||
| 042 | _adc | ||
| 100 | 1 | 0 |
_aDegiovanni, Clara _eauthor |
| 245 | 0 | 0 | _aPrendre des nouveaux départs pour mieux se retrouver ? Ted et Solène parlent de leurs recommencements dans la vie avec Claire Marin |
| 260 | _c2026. | ||
| 500 | _a93 | ||
| 690 | _aBifurcation | ||
| 690 | _aClaire Marin | ||
| 690 | _aRecommencer | ||
| 786 | 0 | _nPhilosophie magazine | 196 | 1 | 2026-01-01 | p. 92-103 | 1951-1787 | |
| 856 | 4 | 1 | _uhttps://shs.cairn.info/magazine-philosophie-magazine-2026-1-page-92?lang=fr&redirect-ssocas=7080 |
| 999 |
_c2072664 _d2072663 |
||